000 00931nam a2200229 i 4500
001 97881
003 ES-MaACL
005 20250829122013.0
007 t|
008 050719q1983 sp ||||1| spa d
020 _a84-00-05897-6
100 1 _aMarías, Fernando.
_976686
245 1 3 _aLa arquitectura del Renacimiento en Toledo (1541-1631) /
_cFernando Marías.
260 _aToledo :
_bInstituto Provincial de Investigaciones y Estudios Toledanos,
_c1983-
300 _a2 v. :
_bil. ;
_c24 cm.
490 1 _aPublicaciones del Instituto Provincial de Investigaciones y Estudios Toledanos. Serie I. Monografías ;
_v10
500 _aSol los v. I y II.
710 2 _aInstituto Provincial de Investigaciones y Estudios Toledanos.
_95217
830 0 0 _aPublicaciones del Instituto Provincial de Investigaciones y Estudios Toledanos
_v10
_9242140
852 _aES-MaACL
_jP-1622
_bR.105117
999 _c97881
_d97881